Sports Quiz

Random Sports or Soccer Quiz
Score 0/43 Timer 05:00
0 Plays Today
Event Club % Correct
Semifinal 2008-2009Barcelona
97.9%
Semifinal 2008-2009Barcelona
97.9%
Semifinal 2011-2012Barcelona
97.9%
Semifinal 2011-2012Barcelona
97.9%
Final 2011-2012Bayern Munich
94.6%
Quarterfinal 2011-2012Benfica
86.6%
Quarterfinal 2011-2012Benfica
86.6%
Round of 16 2009-2010Internazionale
83.7%
Round of 16 2009-2010Internazionale
83.7%
Round of 16 2011-2012Napoli
81.4%
Round of 16 2011-2012Napoli
81.4%
Quarterfinal 2008-2009Liverpool
81.1%
Quarterfinal 2008-2009Liverpool
81.1%
Quarterfinal 2010-2011Manchester United
80.4%
Quarterfinal 2010-2011Manchester United
80.4%
Group Stage 2011-2012Valencia
77.4%
Group Stage 2011-2012Valencia
77.4%
Round of 16 2008-2009Juventus
75%
Round of 16 2008-2009Juventus
75%
Group Stage 2009-2010Porto
66.7%
Group Stage 2009-2010Porto
66.7%
Group Stage 2011-2012Bayer Leverkusen
64.6%
Event Club % Correct
Group Stage 2011-2012Bayer Leverkusen
64.6%
Group Stage 2009-2010Atletico Madrid
53.1%
Group Stage 2009-2010Atletico Madrid
53.1%
Group Stage 2010-2011Marseille
52.6%
Group Stage 2010-2011Marseille
52.6%
Group Stage 2008-2009Roma
51.7%
Group Stage 2008-2009Roma
51.7%
Group Stage 2011-2012Genk
46.5%
Group Stage 2011-2012Genk
46.5%
Round of 16 2010-2011Copenhagen
36.8%
Round of 16 2010-2011Copenhagen
36.8%
Group Stage 2008-2009Bordeaux
31.1%
Group Stage 2008-2009Bordeaux
31.1%
Group Stage 2010-2011Spartak Moscow
30.7%
Group Stage 2010-2011Spartak Moscow
30.7%
Group Stage 2008-2009CFR Cluj
29.7%
Group Stage 2008-2009CFR Cluj
29.7%
Group Stage 2009-2010APOEL
29.2%
Group Stage 2009-2010APOEL
29.2%
Group Stage 2010-2011Žilina
21.5%
Group Stage 2010-2011Žilina
21.5%
Remove Ads.
Support Sporcle.
Get the best of Sporcle when you Go Orange. This ad-free experience offers more features, more stats, and more fun while also helping to support Sporcle. Thank you for becoming a member.

You're not logged in!

Compare scores with friends on all Sporcle quizzes.
OR
Log In

Show Comments

Extras

Top Quizzes Today


Score Distribution

Your Account Isn't Verified!

In order to create a playlist on Sporcle, you need to verify the email address you used during registration. Go to your Sporcle Settings to finish the process.

Report this User

Report this user for behavior that violates our Community Guidelines.

Details: